[Event "It (open)"]
[Site "masterchessopen.com – Saint-Quentin (France)"]
[Round "4"]
[White "Antonini David (FRA)"]
[Black "Leloup Emmanuel (FRA)"]
[Result "1-0"]
[WhiteElo "2171"]
[BlackElo "2028"]

1.e4 c5 2.Nf3 e6 3.d4 cxd4 4.Nxd4 Nc6 5.Nc3 Qc7 6.g3 a6 7.Bg2 Nf6 8.O-O Bc5
9.Nb3 Ba7 10.Bf4 Ne5 11.Qd2 Nh5 12.Bxe5 Qxe5 13.Kh1 Qc7 14.Qe2 g6 15.Rad1 d6
16.f4 Ng7 17.Qd2 Ke7 18.f5 Bd7 19.f6+ {#r} 1-0

[Event "It (open)"]
[Site "masterchessopen.com – Saint-Quentin (France)"]
[Round "7"]
[White "Habu Yoshiharu (JPN)"]
[Black "Bogdanov Emil (FRA)"]
[Result "1-0"]
[WhiteElo "2342"]
[BlackElo "2261"]

1.e4 c5 2.Nf3 Nc6 3.d4 cxd4 4.Nxd4 e6 5.Nc3 Qc7 6.g3 a6 7.Bg2 Nf6 8.O-O Nxd4
9.Qxd4 Bc5 10.Bf4 d6 11.Qd2 O-O 12.Rad1 e5 13.Bg5 Be6 14.Bxf6 gxf6 15.Qh6 Qd8
16.Nd5 Bxd5 17.exd5 Kh8 18.Be4 {#r} 1-0

[Event "Ch Hungary (team) 2001/02 (3 liga)"]
[Site "masterchessopen.com – Hungary"]
[Date "2001.11.18"]
[Round "3"]
[White "Varadi Viktor (HUN)"]
[Black "Herman Tamas (HUN)"]
[Result "1-0"]
[WhiteElo "2248"]
[BlackElo "2312"]

1.e4 c5 2.Nf3 Nc6 3.d4 cxd4 4.Nxd4 Qc7 5.Nc3 e6 6.g3 a6 7.Bg2 Nf6 8.O-O Nxd4
9.Qxd4 Bc5 10.Bf4 d6 11.Qd3 Nd7 12.Na4 Ne5 13.Qc3 b6 14.b4 Bd7 15.bxc5 Bxa4
16.Qd4 Qd7 17.cxd6 Ng6 18.Qxg7 O-O-O 19.Bg5 Rde8 20.Qd4 Kb7 21.Be3 {#r} 1-0

[Event "It (open)"]
[Site "masterchessopen.com – Baden-Baden (Germany)"]
[Round "1"]
[White "Karatsioras Nikolaos (GER)"]
[Black "Teske Henrik (GER)"]
[Result "0-1"]
[WhiteElo "2013"]
[BlackElo "2531"]

1.e4 c5 2.Nf3 Nc6 3.d4 cxd4 4.Nxd4 Qc7 5.Nc3 e6 6.g3 Nf6 7.Bg2 Nxd4 8.Qxd4 Bc5
9.Qd1 d6 10.O-O Bd7 11.Kh1 h5 12.f4 O-O-O 13.f5 h4 14.g4 h3 15.Bf3 d5 16.exd5
Nxd5 17.Nxd5 exd5 18.a4 Rhe8 19.Bxd5 Bc6 20.c4 Re5 21.Rf3 Bxd5 {#R} 0-1

[Event "Tournament (Elo)"]
[Site "masterchessopen.com – Hamburg (Germany)"]
[Round "2"]
[White "Berger Steve (GER)"]
[Black "Groeppel Peter (GER)"]
[Result "1-0"]
[WhiteElo "2312"]
[BlackElo "2168"]

1.e4 c5 2.Nf3 e6 3.d4 cxd4 4.Nxd4 Nc6 5.Nc3 Qc7 6.g3 a6 7.Bg2 Nf6 8.O-O Be7
9.Re1 O-O 10.Nxc6 bxc6 11.e5 Nd5 12.Ne4 f5 13.exf6 Bxf6 14.c4 Ne7 15.Bf4 Qb6
16.Bd6 Rf7 17.Rb1 Nf5 18.Bc5 Qa5 19.b4 Qxa2 20.Qd3 d5 21.cxd5 cxd5 22.Nxf6+
gxf6 23.Ra1 Qb2 24.f4 {#r} 1-0

[Event "Ch Peru (1/2 final)"]
[Site "masterchessopen.com – Lima (Peru)"]
[Round "5"]
[White "Sanes Vladimir (PER)"]
[Black "Esplana Christian (PER)"]
[Result "0-1"]
[WhiteElo "2118"]
[BlackElo "2367"]

1.e4 c5 2.Nf3 e6 3.d4 cxd4 4.Nxd4 Nc6 5.Nc3 Qc7 6.g3 a6 7.Bg2 Nf6 8.O-O Be7
9.Nxc6 bxc6 10.b3 O-O 11.Bb2 d5 12.e5 Nd7 13.f4 Bb7 14.Kh1 c5 15.Qh5 g6 16.Qh3
Rfe8 17.g4 Bf8 18.Ne2 Bg7 19.Ng3 a5 20.Rae1 a4 21.f5 axb3 22.axb3 Ra2 23.Bc1
Rxc2 24.fxg6 fxg6 25.Bg5 Nxe5 {#R} 0-1

[Event "Ch Georgia (juniors) (under 20) (g)"]
[Site "masterchessopen.com – Tbilisi (Georgia)"]
[Date "2002.03.19"]
[Round "1"]
[White "Khukhashvili Sopiko (GEO)"]
[Black "Gavasheli Ana (GEO)"]
[Result "1-0"]
[WhiteElo "2319"]
[BlackElo "2095"]

1.e4 c5 2.Nf3 e6 3.d4 cxd4 4.Nxd4 Nc6 5.Nc3 Qc7 6.g3 a6 7.Bg2 Nf6 8.O-O Bc5
9.Nxc6 dxc6 10.Na4 Ba7 11.c4 Nd7 12.b4 b5 13.Nb2 c5 14.Qg4 Qe5 15.Rb1 h5
16.Qe2 cxb4 17.Bf4 Qc5 18.Nd3 Qe7 19.e5 Rb8 20.Nxb4 Bb7 21.Bxb7 Rxb7 22.Nc6
Qc5 23.cxb5 {#r} 1-0

[Event "It (open)"]
[Site "masterchessopen.com – Balaguer (Spain)"]
[Round "2"]
[White "Ramon Ortiga Francisco (ESP)"]
[Black "Colovic Aleksandar (MKD)"]
[Result "0-1"]
[WhiteElo "1971"]
[BlackElo "2408"]

1.e4 c5 2.Nf3 e6 3.d4 cxd4 4.Nxd4 Nc6 5.Nc3 Qc7 6.g3 a6 7.a4 Nf6 8.Bg2 h5 9.h4
Bc5 10.Nxc6 dxc6 11.Bf4 e5 12.Bg5 Ng4 13.O-O f6 14.Bd2 Be6 15.Qe2 g5 16.Nd1
gxh4 17.gxh4 O-O-O 18.b4 Bd4 19.c3 Ba7 20.Ne3 Rhg8 21.Kh1 f5 22.exf5 e4
23.Nxg4 Rxd2 24.Qxe4 Bd5 25.Qe5 {#R} 0-1

[Event "Memorial Karl Mala (open)"]
[Site "masterchessopen.com – Griesheim (Germany)"]
[Date "2003.07.25"]
[Round "2"]
[White "Roeberg Frank (GER)"]
[Black "Zimmermann Hendrik (GER)"]
[Result "1-0"]
[WhiteElo "2260"]
[BlackElo "2117"]

1.e4 c5 2.Nc3 e6 3.Nf3 Nc6 4.d4 cxd4 5.Nxd4 Qc7 6.g3 a6 7.Bg2 Nf6 8.O-O Bc5
9.Bf4 e5 10.Nb3 exf4 11.Nxc5 O-O 12.Nd3 fxg3 13.fxg3 d6 14.Rxf6 gxf6 15.Nd5
Qd8 16.Qh5 Be6 17.N3f4 Ne5 18.Rf1 Rc8 19.Qh4 Bxd5 20.Nxd5 f5 21.Ne7+ Kg7
22.Rxf5 Ng6 23.Qf6+ Kh6 24.Rh5+ {#r} 1-0

[Event "It (open)"]
[Site "masterchessopen.com – Ditzingen (Germany)"]
[Date "2004.05.21"]
[Round "4"]
[White "Vonthron Horst (GER)"]
[Black "Hitzler Philipp (GER)"]
[Result "1-0"]
[WhiteElo "2329"]
[BlackElo "2178"]

1.e4 c5 2.Nf3 e6 3.d4 cxd4 4.Nxd4 Nc6 5.Nc3 Qc7 6.g3 a6 7.Bg2 b5 8.Nxc6 Qxc6
9.O-O Bb7 10.Qe2 Bc5 11.Be3 Bxe3 12.Qxe3 Nf6 13.Nd5 Ng8 14.Rfe1 Kf8 15.Nb6 Rd8
16.c4 b4 17.a3 bxa3 18.Rxa3 Ne7 19.Rd3 Nc8 20.c5 f6 21.Nc4 Ba8 22.b4 Kf7
23.Qf4 {#r} 1-0

[Event "Ch Bolivia"]
[Site "masterchessopen.com – Santa Cruz (Bolivia)"]
[Date "2004.08.14"]
[Round "8"]
[White "Roldan Rodrigo (BOL)"]
[Black "Cruz Condori Alfredo (BOL)"]
[Result "0-1"]
[WhiteElo "2194"]
[BlackElo "2179"]

1.e4 c5 2.Nf3 Nc6 3.d4 cxd4 4.Nxd4 e6 5.Nc3 Qc7 6.g3 a6 7.Bg2 Nf6 8.O-O Be7
9.a4 O-O 10.Nb3 d6 11.a5 Ne5 12.Be3 Nc4 13.Na4 Nxe3 14.fxe3 Rb8 15.Nb6 Nd7
16.Nxc8 Rbxc8 17.Nd4 Ne5 18.b3 Qc3 19.Qe2 Bd8 20.Nf3 Ng4 21.Rfe1 Bxa5 22.h3
Nxe3 23.Rxa5 Nxc2 24.Rc1 Nd4 25.Nxd4 Qxd4+ {#R} 0-1

[Event "It (open) (mini)"]
[Site "masterchessopen.com – Groningen (Netherlands)"]
[Round "0"]
[White "Struik Tjapko (NED)"]
[Black "Balje Jan (NED)"]
[Result "1-0"]
[WhiteElo "2176"]
[BlackElo "2158"]

1.e4 c5 2.Nf3 e6 3.d4 cxd4 4.Nxd4 Nc6 5.Nc3 Qc7 6.g3 Nf6 7.Bg2 a6 8.O-O Nxd4
9.Qxd4 Bc5 10.Bf4 d6 11.Qd2 h6 12.Rad1 e5 13.Be3 Ke7 14.f4 Be6 15.Kh1 Rhd8
16.fxe5 dxe5 17.Nd5+ Nxd5 18.exd5 Bg4 19.Qf2 Kd6 20.Rd3 Bxe3 21.Qxe3 Rd7
22.Rc3 Qa5 23.h3 {#r} 1-0

[Event "Ch Argentina (1/2 final)"]
[Site "masterchessopen.com – Argentina"]
[Date "2005.07.03"]
[Round "2"]
[White "Orsini Antonio (ARG)"]
[Black "Duarte Leonardo (ARG)"]
[Result "0-1"]
[WhiteElo "2257"]
[BlackElo "2397"]

1.e4 c5 2.Nf3 e6 3.d4 cxd4 4.Nxd4 Nc6 5.Nc3 Qc7 6.g3 d6 7.Bg2 Nxd4 8.Qxd4 Bd7
9.Bf4 Bc6 10.Qc4 Rc8 11.O-O a6 12.Rad1 Nf6 13.Rfe1 Be7 14.e5 dxe5 15.Bxe5 Qa5
16.Bxf6 gxf6 17.Bxc6+ Rxc6 18.Qf4 Qc7 19.Qg4 Kf8 20.Qh5 Kg7 21.Rd4 f5 22.g4
Bf6 23.g5 Bxd4 24.Qh6+ Kg8 25.Nd5 Bg7 {#R} 0-1

[Event "It (open) (w)"]
[Site "masterchessopen.com – Havlickuv Brod (Czech Republic)"]
[Date "2005.09.29"]
[Round "5"]
[White "Valickova Martina (CZE)"]
[Black "Nemcova Kristyna (CZE)"]
[Result "1-0"]
[WhiteElo "2062"]
[BlackElo "2045"]

1.e4 c5 2.Nf3 Nc6 3.Nc3 e6 4.d4 cxd4 5.Nxd4 Qc7 6.g3 a6 7.Bg2 Nf6 8.O-O Be7
9.a4 Rb8 10.Be3 O-O 11.Qe2 Na5 12.Bf4 d6 13.e5 Nd7 14.exd6 Bxd6 15.Nxe6 Qc4
16.Nxf8 Ne5 17.Qh5 Kxf8 18.Bxe5 {#r} 1-0

[Event "Memorial Stepanov (open)"]
[Site "masterchessopen.com – Sochi (Russia)"]
[Round "7"]
[White "Zhukov Viktor (RUS)"]
[Black "Vlasenko Aleksey (RUS)"]
[Result "0-1"]
[WhiteElo "2209"]
[BlackElo "2160"]

1.e4 c5 2.Nf3 e6 3.d4 cxd4 4.Nxd4 Nc6 5.Nc3 Qc7 6.g3 a6 7.Bg2 b5 8.O-O Bb7
9.Re1 Bb4 10.Nf5 Nf6 11.Bf4 d6 12.a3 Bc5 13.h4 Bxf2+ 14.Kxf2 Ng4+ 15.Kf3 Nh2+
16.Ke3 {#R} 0-1

[Event "It (open)"]
[Site "masterchessopen.com – Belgrade (Yugoslavia)"]
[Date "2006.01.22"]
[Round "2"]
[White "Milicevic I Predrag (SRB)"]
[Black "Damjanovic Dragan (SRB)"]
[Result "1-0"]
[WhiteElo "2197"]
[BlackElo "2276"]

1.e4 c5 2.Nf3 Nc6 3.d4 cxd4 4.Nxd4 Qc7 5.Nc3 e6 6.g3 a6 7.Bg2 d6 8.O-O Bd7
9.h3 Be7 10.Nde2 b5 11.a3 Rc8 12.g4 h6 13.Kh1 g5 14.f4 gxf4 15.Nxf4 Nf6 16.Rf2
Ne5 17.Qf1 Bc6 18.Nxe6 fxe6 19.Rxf6 Bxf6 20.Qxf6 Nf7 21.Qxe6+ Kf8 22.Bf4 Re8
23.Qg6 Qe7 24.Rf1 Qe6 25.Bxd6+ Re7 {#r} 1-0

[Event "Tournament"]
[Site "masterchessopen.com – Sao Paulo (Brazil)"]
[Date "2006.08.11"]
[Round "3"]
[White "Oviedo Manuel (ARG)"]
[Black "Sanduay Nicolas (ARG)"]
[Result "1-0"]
[WhiteElo "1982"]
[BlackElo "1992"]

1.e4 c5 2.Nf3 e6 3.d4 cxd4 4.Nxd4 Nc6 5.Nc3 Qc7 6.g3 a6 7.Bg2 Nf6 8.Nxc6 dxc6
9.O-O e5 10.h3 Be7 11.Be3 b5 12.a4 Bb7 13.axb5 cxb5 14.Nd5 Nxd5 15.exd5 O-O
16.d6 {#r} 1-0

[Event "It (open)"]
[Site "masterchessopen.com – Apeldorn (Netherlands)"]
[Date "2006.09.16"]
[Round "3"]
[White "Moll Arne (NED)"]
[Black "Boel Marcel (NED)"]
[Result "1-0"]
[WhiteElo "2198"]
[BlackElo "2157"]

1.e4 c5 2.Nf3 e6 3.d4 cxd4 4.Nxd4 Nc6 5.Nc3 Qc7 6.g3 a6 7.Bg2 Nf6 8.O-O Be7
9.Be3 O-O 10.g4 d6 11.g5 Nd7 12.f4 Na5 13.Qh5 Nc4 14.Rf3 Nxe3 15.Rh3 h6
16.Rxe3 Qc5 17.Rd1 Bf6 18.e5 dxe5 19.Ne4 Qb6 20.gxf6 exf4 21.Rb3 {#r} 1-0

[Event "It \"]
[Site "masterchessopen.com – Paris (France)"]
[Date "2006.12.15"]
[Round "3"]
[White "Inkiov Ventzislav (BUL)"]
[Black "Glicenstein Asher (FRA)"]
[Result "1-0"]
[WhiteElo "2523"]
[BlackElo "2278"]

1.e4 c5 2.Nf3 Nc6 3.d4 cxd4 4.Nxd4 Qc7 5.Nc3 e6 6.g3 Nf6 7.Ndb5 Qb8 8.Bf4 Ne5
9.Be2 a6 10.Qd4 d6 11.O-O-O axb5 12.Bxe5 b4 13.Nb5 Nxe4 14.Qxe4 dxe5 15.Qc4
Ra4 16.Nc7+ Ke7 17.f4 f5 18.fxe5 b5 19.Qc6 {#r} 1-0

[Event "Tournament (Elo)"]
[Site "masterchessopen.com – Warsaw (Poland)"]
[Date "2007.10.09"]
[Round "1"]
[White "Moskwinski Tadeusz (POL)"]
[Black "Denderski Piotr (POL)"]
[Result "0-1"]
[WhiteElo "2214"]
[BlackElo "2289"]

1.e4 c5 2.Nf3 Nc6 3.d4 cxd4 4.Nxd4 e6 5.Nc3 Qc7 6.g3 a6 7.a4 Nf6 8.Bg2 Nxd4
9.Qxd4 Bc5 10.Qd3 Ng4 11.O-O h5 12.h3 Ne5 13.Qe2 b6 14.Kh1 Bb7 15.f4 Ng4
16.Bf3 Rc8 17.Kg2 Nf6 18.g4 hxg4 19.hxg4 g5 20.Kg3 Bd4 21.Ra3 gxf4+ 22.Kg2
Nxg4 23.Bxg4 Rh2+ 24.Kf3 Rxe2 25.Nxe2 Qxc2 {#R} 0-1

[Event "Ch Ukraine (1/2 final)"]
[Site "masterchessopen.com – Alushta (Ukraine)"]
[Date "2008.05.11"]
[Round "1"]
[White "Krivitsky Oleg (UKR)"]
[Black "Shamshin Rudolf (UKR)"]
[Result "0-1"]
[WhiteElo "1863"]
[BlackElo "2199"]

1.e4 c5 2.Nf3 e6 3.d4 cxd4 4.Nxd4 Nc6 5.Nc3 Qc7 6.g3 a6 7.Bg2 Bb4 8.O-O Nge7
9.Be3 O-O 10.f4 Nxd4 11.Bxd4 Nc6 12.Kh1 Nxd4 13.Qxd4 Be7 14.Rad1 Rd8 15.Rd2 d6
16.Rfd1 Rb8 17.e5 d5 18.Bxd5 b5 19.a3 exd5 20.Nxd5 Rxd5 {#R} 0-1

[Event "Tournament (open) (juniors)"]
[Site "masterchessopen.com – Samara (Russia)"]
[Round "1"]
[White "Aldokhin Ivan (RUS)"]
[Black "Matsenko Andrei (RUS)"]
[Result "1-0"]
[WhiteElo "2244"]
[BlackElo "1934"]

1.e4 c5 2.Nf3 Nc6 3.d4 cxd4 4.Nxd4 Qc7 5.Nc3 e6 6.g3 a6 7.Bg2 Nf6 8.Nde2 Be7
9.h3 O-O 10.g4 d6 11.Ng3 b5 12.O-O Bb7 13.g5 Nd7 14.f4 Qb6+ 15.Kh1 Rfd8 16.Qe2
Nf8 17.f5 exf5 18.Nd5 Qd4 19.exf5 Rd7 20.c3 Qh4 21.Ne4 Nd4 22.cxd4 {#r} 1-0

[Event "Memorial E.Bykova (w)"]
[Site "masterchessopen.com – Vladimir (Russia)"]
[Date "2008.12.18"]
[Round "8"]
[White "Ivakhinova Inna (RUS)"]
[Black "Markelova Lubov (RUS)"]
[Result "1-0"]
[WhiteElo "2241"]
[BlackElo "1951"]

1.e4 c5 2.Nf3 Nc6 3.Nc3 e6 4.d4 cxd4 5.Nxd4 Qc7 6.g3 a6 7.Bg2 b5 8.O-O Bb7
9.Re1 Be7 10.Nxc6 Qxc6 11.Nd5 O-O-O 12.Nxe7+ Nxe7 13.Re3 Qb6 14.Rc3+ Bc6
15.Qd6 Rhe8 16.a4 Qb8 17.Qb4 h6 18.Bf4 e5 19.Be3 Ng6 20.Qa5 Re6 21.Qxa6+ Qb7
22.axb5 Qxa6 23.Rxa6 {#r} 1-0

[Event "Ch France (juniors)"]
[Site "masterchessopen.com – Aix les Bains (France)"]
[Date "2009.04.20"]
[Round "3"]
[White "Sarafian Thomas (FRA)"]
[Black "Lamard Guillaume (FRA)"]
[Result "1-0"]
[WhiteElo "1725"]
[BlackElo "2101"]

1.e4 c5 2.Nf3 e6 3.d4 cxd4 4.Nxd4 Nc6 5.Nc3 Qc7 6.g3 a6 7.Bg2 Nf6 8.O-O Be7
9.a4 O-O 10.Be3 d6 11.f4 Bd7 12.Nb3 b6 13.g4 Bc8 14.g5 Nd7 15.f5 Nce5 16.Qh5
Bb7 17.Nd4 g6 18.fxg6 hxg6 19.Qh6 Rfe8 20.Rxf7 Kxf7 21.Qh7+ Kf8 22.Nxe6# 1-0

[Event "Ch Germany (juniors) (Internet) (under 25) (qual2)"]
[Site "masterchessopen.com – Internet"]
[Date "2009.05.13"]
[Round "5"]
[White "Alvermann Christian (GER)"]
[Black "Foerschner Lucas (GER)"]
[Result "0-1"]
[WhiteElo "1711"]
[BlackElo "1941"]

1.e4 c5 2.Nf3 e6 3.d4 cxd4 4.Nxd4 Nc6 5.Nc3 Qc7 6.g3 a6 7.Bg2 Nf6 8.O-O Be7
9.Re1 O-O 10.a4 b6 11.Be3 Bb7 12.Re2 Rac8 13.Nxc6 dxc6 14.Rd2 Rfd8 15.Qe2 Bb4
16.Rd3 a5 17.Bg5 Rxd3 18.Qxd3 Nd7 19.Rd1 Ne5 20.Qd8+ Rxd8 21.Rxd8+ Bf8 22.f4
f6 {#R} 0-1

[Event "Ch Germany (juniors) (Internet) (under 25) (qual3)"]
[Site "masterchessopen.com – Internet"]
[Date "2009.05.17"]
[Round "7"]
[White "Heinz Axel (GER)"]
[Black "Zwahr Paul (GER)"]
[Result "1-0"]
[WhiteElo "2436"]
[BlackElo "2275"]

1.e4 c5 2.Nf3 e6 3.d4 cxd4 4.Nxd4 Nc6 5.Nc3 Qc7 6.g3 a6 7.Bg2 d6 8.O-O Bd7
9.Nb3 Be7 10.a4 Na5 11.Nxa5 Qxa5 12.Bf4 Qb6 13.Qd2 Rc8 14.Ra3 Nf6 15.Rb3 Qc7
16.e5 dxe5 17.Rxb7 Qd6 18.Qxd6 Bxd6 19.Rd1 Rb8 20.Rxd6 Rxb7 21.Bxb7 exf4
22.Rxa6 g5 23.Ra8+ {#r} 1-0

[Event "It (cat.6)"]
[Site "masterchessopen.com – Ciego de Avila (Cuba)"]
[Date "2010.06.27"]
[Round "1"]
[White "Morales Pedro (CUB)"]
[Black "Leyva Yunior (CUB)"]
[Result "0-1"]
[WhiteElo "2390"]
[BlackElo "2384"]

1.e4 c5 2.Nf3 e6 3.d4 cxd4 4.Nxd4 Nc6 5.Nc3 Qc7 6.g3 a6 7.Bg2 Nf6 8.O-O Nxd4
9.Qxd4 Bc5 10.Bf4 d6 11.Qd3 h6 12.b4 Bxb4 13.Nb5 axb5 14.Qxb5+ Bd7 15.Qxb4 e5
16.Be3 Ra4 17.Qb3 O-O 18.Bb6 Qc6 19.f3 Rfa8 20.Bf2 Be6 21.Qb6 Rxa2 22.Rad1
Qxb6 23.Bxb6 Rxc2 24.Rxd6 Raa2 25.Bf2 Bc4 {#R} 0-1

[Event "Ch Russia (seniors) (w)"]
[Site "masterchessopen.com – Odintsovo (Russia)"]
[Date "2011.04.21"]
[Round "3"]
[White "Butneva Larisa (RUS)"]
[Black "Lein Marina (RUS)"]
[Result "1-0"]
[WhiteElo "1868"]
[BlackElo "1890"]

1.e4 c5 2.Nf3 Nc6 3.d4 cxd4 4.Nxd4 Qc7 5.Nc3 e6 6.g3 Nf6 7.Be3 Bb4 8.Nb5 Qb8
9.a3 Bxc3+ 10.Nxc3 b6 11.Bg2 O-O 12.O-O Bb7 13.f4 d6 14.Rf2 Rd8 15.Rd2 Na5
16.b3 Ne8 17.Nb5 Rd7 18.c4 a6 19.Nc3 Qc7 20.Na4 Nxc4 21.bxc4 Qxc4 22.Nxb6 Qc3
23.Bd4 {#r} 1-0

[Event "Ch Southern FO (open)"]
[Site "masterchessopen.com – Armavir (Russia)"]
[Round "6"]
[White "Lugovskoy Maxim (RUS)"]
[Black "Bryzgalin Kirill (RUS)"]
[Result "1-0"]
[WhiteElo "2376"]
[BlackElo "2473"]

1.e4 c5 2.Nf3 Nc6 3.d4 cxd4 4.Nxd4 e6 5.Nc3 Qc7 6.g3 a6 7.Bg2 Nf6 8.O-O Be7
9.Re1 Nxd4 10.e5 Nb5 11.exf6 gxf6 12.Nd5 exd5 13.Bxd5 h5 14.c4 Na7 15.Qd4 Kf8
16.Rxe7 Kxe7 17.Bg5 Qd6 18.Bxf6+ {#r} 1-0